Statistics for Scottish football quiz.

Click here to take the quiz!

General Stats

  • This quiz has been taken 79 times
  • The average score is 9 of 15

Answer Stats

HintAnswer% Correct
Home city of the Old Firm derbyGlasgow
91%
last Scottish side to reach a European cup finalRangers
85%
Play home games at TynecastleHearts
85%
team that play in the granite cityAberdeen
84%
Largest club stadiumParkhead
79%
The national stadiumHampden park
78%
Also known as the fifersEast Fife
70%
Team also known as 'the doonhamers'Queen of the south
64%
first team to be relegated from the SPL via the play off system.Hibernian
48%
Current sponsor of the league cupBetfred
46%
2016 league cup winnersRoss county
43%
Kilmarnock and Ayr share what derbyAyrshire derby
31%
Only city not to have a team outside the top two teirs.Stirling
27%
most suouthernly team in the SPFLAnnan athletic
21%
largest area that doesnt have a team in any SPFL run leagueEast kilbride
3%

Score Distribution

Percentile by Number Answered

Percent of People with Each Score

Your Score History

You have not taken this quiz